Rename European countries - Statistics

General Stats
  • This quiz has been taken 354 times
  • The average score is 25 of 29
Answer Stats
Hint Answer % Correct
Andorra Ameturria | Andorria | Andosinoïa
98%
Belarus Belarussia
97%
Finland Finlandia | Finnia | Suomia
97%
France Francia | Gallia | Gaulia
97%
Germany Germania
96%
Denmark Dania | Denmarkia | Jutlandia
94%
Hungary Hungaria | Magyarorszagia
94%
Belgium Belgia | Belgiquia | Flanders-Wallonia
93%
Iceland Icelandia
93%
Italy Italia | Mediterrania | Romia
93%
Ireland Eiria | Irelandia
92%
Greece Greecia | Ellinikia | Hellenia
92%
Malta Maltia | Melitia
91%
Poland Polandia | Polskia
91%
Monaco Monacia | Monegasquia
90%
Kosovo Kosovia
89%
Portugal Portucallia | Portugalia | Portuguesia
89%
Spain Hispania | Iberia | Spainia | Spania
88%
Luxembourg Luxembourgeoisia | Luxembourgia
88%
Montenegro Mavrovounia | Montenegria
88%
Liechtenstein Liechtensteinia | Liechstenstia
83%
Ukraine Ukrainia
81%
San Marino San Marinia | Serenissimia
80%
Switzerland Helvetia | Switzeria | Switzerlandia
79%
Sweden Swedia | Sverigia
78%
Vatican City Papalia | Vaticania
76%
Norway Norwayia | Notuagia
74%
Netherlands Hollandia | Nederlandia | Neerlandia
73%
United Kingdom Great Brittania | Kingdom of Victoria
24%
No matching quizzes found
Score Distribution
Percent of People with Each Score
Percentile by Number Answered
Your Score History
You have not taken this quiz